| 000 | 00416cam a2200181ua 4500 | ||
|---|---|---|---|
| 001 | 2864 | ||
| 008 | 110913n ii |||gr||||Z||||||asm | ||
| 040 | _cMAIN | ||
| 082 | _a920 | ||
| 100 | 1 |
_aSharma, Mahadeva, _eAuthor. |
|
| 245 | 1 | 1 |
_aBapuji _cby Mahadeva Sharma |
| 250 | _a1st. | ||
| 260 |
_aGuahati: _bLawyers book stall,967. |
||
| 300 |
_a200p: _c23cm. |
||
| 653 | _aBiography | ||
| 653 | _aBapuji | ||
| 942 | _cBK | ||
| 999 |
_c2713 _d2713 |
||